2022 NFL Draft First Round Picks - Statistics

General Stats
  • This quiz has been taken 415 times
  • The average score is 24 of 32
Answer Stats
Pick # Team Position Player % Correct
4 New York Jets CB Ahmad Gardner
98%
2 Detroit EDGE Aidan Hutchinson
97%
10 New York Jets WR Garrett Wilson
95%
22 Green Bay LB Quay Walker
95%
1 Jacksonville EDGE Travon Walker
95%
11 New Orleans WR Chris Olave
94%
8 Atlanta WR Drake London
94%
12 Detroit WR Jameson Williams
93%
3 Houston CB Derek Stingley Jr.
92%
20 Pittsburgh QB Kenny Pickett
90%
14 Baltimore S Kyle Hamilton
87%
18 Tennessee WR Treylon Burks
83%
16 Washington WR Jahan Dotson
81%
5 New York Giants EDGE Kayvon Thibodeaux
79%
7 New York Giants OT Evan Neal
78%
13 Philadelphia DT Jordan Davis
78%
9 Seattle OT Charles Cross
73%
21 Kansas City CB Trent McDuffie
70%
26 New York Jets DE Jermaine Johnson
69%
17 Los Angeles Chargers G Zion Johnson
69%
25 Baltimore C Tyler Linderbaum
68%
6 Carolina OT Ikem Ekwonu
63%
29 New England G Cole Strange
62%
30 Kansas City EDGE George Karlaftis
61%
23 Buffalo CB Kaiir Elam
58%
32 Minnesota S Lewis Cine
53%
19 New Orleans OT Trevor Penning
53%
31 Cincinnati S Daxton Hill
52%
15 Houston G Kenyon Green
52%
27 Jacksonville LB Devin Lloyd
46%
28 Green Bay DT Devonte Wyatt
44%
24 Dallas OT Tyler Smith
33%
No matching quizzes found
Score Distribution
Percent of People with Each Score
Percentile by Number Answered
Your Score History
You have not taken this quiz